000 00964 a2200457 4500
000 BKB
001 133073
005 20200902152040.0
008
010 _a
020 _a9780195428025
082 _a320.6
_bH84S
100 1 _aHowlett, Michael...[et.al.]
110 _a
245 1 _aStudying public policy : policy cycles and policy subsystems
_cby Michael Howlett
250 _a3rd ed.
260 _aOxford
_bOxford University Press
_c2009
300 _a298p.
490 _a
_v
500 _a
600 _a
610 _a
611 _a
630 _a
650 _a
651 _a
654 _a
690 _aPolicy sciences; PPLG
700 _aRamesh, M.
_b
_c
700 _aPerl, Anthony
710 _a
_b
_c
711 _a
720 _a
730 _a
740 _a
752 _a
856 _a
_d
_f
904 _a
964 _a
_b
_c
_d
_e
_f
_g
965 _a
999 _c7401
_d7401